[Event "Chinese League Div-A Final-KO 2023"]
[Site "Xiongan"]
[Date "2023.12.06"]
[Round "5.7"]
[White "Wang, Yue"]
[Black "Zhou, Weiqi"]
[Result "0-1"]
[WhiteElo "2659"]
[BlackElo "2593"]
[Annotator "TA"]
[PlyCount "86"]
[EventDate "2023.12.02"]
[EventCountry "CHN"]
[SourceTitle "playchess.com"]
[Source "ChessBase"]
[SourceQuality "1"]

{[%evp 10,86,13,15,11,1,19,12,29,35,31,36,32,7,22,0,0,-20,-20,-11,-20,-33,-23,-23,-21,-23,-18,-31,-29,-31,-25,-34,-29,-33,-23,-53,-47,-44,-12,-45,-39,-49,-37,-110,-90,-115,-113,-280,-283,-308,-312,-304,-291,-369,-369,-362,-350,-382,-362,-362,-366,-400,-315,-438,-411,-512,-505,-475,-475,-503,-502,-420,-420,-542,-543,-614,-614,-614,-591]} 1. e4 {[%emt 0:00:03]} c6 {[%emt 0:02:07]} 2. d4 {[%emt 0:00:40]} d5 {[%emt 0:00:05]} 3. e5 {[%emt 0:00:04]} Bf5 {[%emt 0:00:03]} 4. Nd2 {[%emt 0:00:41]} e6 {[%emt 0:00:07]} 5. Nb3 {[%emt 0:00:05]} Nd7 {[%emt 0:00:04]} 6. Nf3 {[%emt 0:00:18]} Qc7 {[%emt 0:00:04] B12: Caro-Kann: Advance Variation.} 7. Be2 {[%emt 0:02:50]} c5 {[%emt 0:00:13]} 8. c3 {[%emt 0:05:52] is recently more successful than 8.dxc5.} c4 {[%emt 0:00:16] The position is equal.} 9. Nbd2 {[%emt 0:00:13]} h6 {[%emt 0:00:04]} 10. Nf1 {[%emt 0:03:30]} Ne7 {[%emt 0:00:24][%cal Bg8e7,Be7c6,Bc6a5,Ba5b3][%mdl 32] [#]} 11. Nh4 $146 {[%emt 0:03:56]} ({Predecessor:} 11. Ne3 Bh7 12. g3 b5 13. O-O Nc6 14. Nh4 Be7 15. Nhg2 a5 16. f4 f5 17. g4 {0-1 Dominguez Perez,L (2754)-Van Foreest,J (2678) Zagreb SuperUnited Blitz 2022 (14)}) 11... Bh7 {[%emt 0:02:03]} 12. f4 {[%emt 0:00:07]} Nc6 {[%emt 0:06:36]} 13. Ng3 {[%emt 0:08:34]} Be7 {[%emt 0:06:16]} 14. Nf3 {[%emt 0:00:15]} b5 {[%emt 0:00:44]} 15. a3 {[%emt 0:04:11]} Na5 {[%emt 0:04:14] Hoping for ...Nb3.} 16. Be3 {[%emt 0:08:08]} Nb3 {[%emt 0:00:19]} 17. Ra2 {[%emt 0:00:05]} a5 {[%emt 0:04:06][%cal Ba7a5,Ba5a4,Ba4b3][%mdl 32]} 18. Nd2 {[%emt 0:04:44]} a4 {[%emt 0:05:40]} 19. O-O {[%emt 0:00:09]} f5 {[%emt 0:00:07]} 20. Nxb3 {[%emt 0:22:07]} axb3 {[%emt 0:02:28]} 21. Ra1 {[%emt 0:00:07]} Nb6 {[%emt 0:03:27]} 22. Nh1 {[%emt 0:06:41]} Na4 {[%emt 0:06:53]} 23. Qd2 {[%emt 0:00:07]} Rg8 {[%emt 0:02:21]} 24. Nf2 {[%emt 0:02:24]} (24. Rf3 $5) 24... g5 {[%emt 0:00:20][%cal Bg7g5,Bg5g4][%mdl 32]} 25. Kh1 {[%emt 0:04:48]} Kd7 {[%emt 0:16:10]} 26. Nh3 {[%emt 0:00:08]} (26. g3 $15) 26... Qd8 {[%emt 0:00:16]} 27. Rae1 {[%emt 0:01:20]} Rg7 {[%emt 0:05:08]} ({Weaker is} 27... g4 28. Nf2 $15) 28. Bh5 $2 {[%emt 0:02:33] Now White is beyond hope.} (28. Nf2 $17) 28... g4 $19 {[%emt 0:03:20]} 29. Ng1 {[%emt 0:11:57] [#]} Bxa3 $1 {[%emt 0:00:49][%mdl 512]} 30. bxa3 {[%emt 0:00:59]} Qh4 {[%emt 0:00:04]} 31. g3 {[%emt 0:01:37]} Qxh5 {[%emt 0:00:07] White is weak on the light squares} 32. Ra1 {[%emt 0:00:02]} Qe8 {[%emt 0:01:36]} 33. Ne2 {[%emt 0:00:08]} Kc6 {[%emt 0:00:57]} 34. Rfb1 {[%emt 0:00:48]} Rga7 {[%emt 0:03:06] Active counter play!} 35. Qe1 {[%emt 0:00:42]} Bg6 {[%emt 0:00:11]} 36. Kg1 {[%emt 0:01:24]} Qe7 {[%emt 0:00:13]} 37. Bc1 {[%emt 0:00:46]} h5 {[%emt 0:00:18]} 38. Be3 {[%emt 0:02:40]} Nb6 {[%emt 0:00:14]} 39. Bc1 {[%emt 0:01:25] [#]} h4 $1 {[%emt 0:02:19][%mdl 512]} 40. gxh4 {[%emt 0:00:14]} Rh8 {[%emt 0:00:13]} 41. Ng3 {[%emt 0:00:28]} Na4 {[%emt 0:00:40] Black is clearly winning.} 42. Rb2 {[%emt 0:00:51]} Nxb2 {[%emt 0:00:39]} 43. Bxb2 {[%emt 0:00:01]} Qxh4 {[%emt 0:00:11] Weighted Error Value: White=0.36/Black=0.09 (flawless)} 0-1

[Event "Chinese League Div-A Final-KO 2023"]
[Site "Xiongan"]
[Date "2023.12.06"]
[Round "5.8"]
[White "Ye, Jiangchuan"]
[Black "Dai, Changren"]
[Result "1/2-1/2"]
[WhiteElo "2603"]
[BlackElo "2491"]
[Annotator "RC"]
[PlyCount "60"]
[EventDate "2023.12.02"]
[EventCountry "CHN"]
[SourceTitle "playchess.com"]
[Source "ChessBase"]
[SourceQuality "1"]

1. e4 {[%emt 0:00:03]} c6 {[%emt 0:00:05]} 2. Nc3 {[%emt 0:00:28]} d5 {[%emt 0:00:06]} 3. Nf3 {[%emt 0:00:04]} Bg4 {[%emt 0:00:05]} 4. h3 {[%emt 0:00:05]} Bxf3 {[%emt 0:00:08]} 5. Qxf3 {[%emt 0:00:06]} e6 {[%emt 0:00:05]} 6. d3 {[%emt 0:01:04]} Nd7 {[%emt 0:00:44]} 7. Be2 {[%emt 0:01:11]} g6 {[%emt 0:01:20]} 8. O-O {[%emt 0:01:17]} Bg7 {[%emt 0:00:06]} 9. Qg3 {[%emt 0:01:27]} h5 {[%emt 0:05:51]} 10. exd5 {[%emt 0:05:52]} cxd5 {[%emt 0:03:48]} 11. Nb5 {[%emt 0:00:32]} Kf8 {[%emt 0:01:13]} 12. c4 {[%emt 0:03:08]} Ne7 {[%emt 0:03:22]} 13. Qd6 {[%emt 0:16:57]} Be5 {[%emt 0:24:21]} 14. Qa3 {[%emt 0:00:17]} Kg7 {[%emt 0:02:51]} 15. Bf3 {[%emt 0:03:27]} a6 {[%emt 0:06:52]} 16. Nc3 {[%emt 0:00:36]} Nf6 {[%emt 0:10:07]} 17. Re1 {[%emt 0:01:21]} Bd6 {[%emt 0:07:57]} 18. Qb3 {[%emt 0:00:10]} Nc6 {[%emt 0:00:26]} 19. cxd5 {[%emt 0:04:47]} Nd4 {[%emt 0:02:08]} 20. Qd1 {[%emt 0:00:06]} Nxd5 {[%emt 0:06:01]} 21. Nxd5 {[%emt 0:10:32]} exd5 {[%emt 0:00:03]} 22. Bd2 {[%emt 0:00:30]} Be7 {[%emt 0:03:59]} 23. Bxd5 {[%emt 0:07:53]} Qd7 {[%emt 0:03:00]} 24. Bc3 {[%emt 0:13:11]} Bf6 {[%emt 0:00:08]} 25. Bxd4 {[%emt 0:00:18]} Bxd4 {[%emt 0:08:21]} 26. Qf3 {[%emt 0:00:18]} Rab8 {[%emt 0:04:09]} 27. Re2 {[%emt 0:02:07]} Rhd8 {[%emt 0:00:38]} 28. Bb3 {[%emt 0:00:30]} Re8 {[%emt 0:01:17]} 29. Rae1 {[%emt 0:04:47]} Bxb2 {[%emt 0:01:49]} 30. g3 {[%emt 0:01:19]} b6 {[%emt 0:01:27]} 1/2-1/2

[Event "Chinese League Div-A Final-KO 2023"]
[Site "Xiongan"]
[Date "2023.12.06"]
[Round "5.9"]
[White "Xiao, Yiyi"]
[Black "Song, Yuxin"]
[Result "1/2-1/2"]
[WhiteElo "2343"]
[BlackElo "2397"]
[Annotator "RC"]
[PlyCount "120"]
[EventDate "2023.12.02"]
[EventCountry "CHN"]
[SourceTitle "playchess.com"]
[Source "ChessBase"]
[SourceQuality "1"]

1. d4 {[%emt 0:00:14]} Nf6 {[%emt 0:00:06]} 2. c4 {[%emt 0:00:25]} e6 {[%emt 0:00:07]} 3. g3 {[%emt 0:00:19]} d5 {[%emt 0:00:05]} 4. Bg2 {[%emt 0:00:11]} dxc4 {[%emt 0:00:08]} 5. Nf3 {[%emt 0:00:18]} c5 {[%emt 0:00:07]} 6. O-O {[%emt 0:00:23]} Nc6 {[%emt 0:00:05]} 7. Ne5 {[%emt 0:00:34]} Bd7 {[%emt 0:00:13]} 8. Na3 {[%emt 0:00:27]} cxd4 {[%emt 0:00:06]} 9. Naxc4 {[%emt 0:00:06]} Be7 {[%emt 0:00:07]} 10. Qb3 {[%emt 0:01:30]} Qc7 {[%emt 0:00:06]} 11. Bf4 {[%emt 0:00:23]} Nd5 {[%emt 0:00:08]} 12. Nxc6 {[%emt 0:04:56]} Nxf4 {[%emt 0:00:07]} 13. Nxe7 {[%emt 0:00:20]} Nxg2 {[%emt 0:00:05]} 14. Rac1 {[%emt 0:01:48]} Qc5 {[%emt 0:00:10]} 15. Qxb7 {[%emt 0:10:11]} Kxe7 {[%emt 0:00:07]} 16. Qxg2 {[%emt 0:01:20]} Bc6 {[%emt 0:00:21]} 17. Qh3 {[%emt 0:03:08]} Qd5 {[%emt 0:20:44]} 18. f3 {[%emt 0:02:32]} Bb5 {[%emt 0:00:21]} 19. b3 {[%emt 0:12:30]} Rac8 {[%emt 0:00:12]} 20. Rfd1 {[%emt 0:01:09]} Bxc4 {[%emt 0:00:33]} 21. Rxc4 {[%emt 0:00:58]} Rxc4 22. bxc4 {[%emt 0:00:09]} Qxc4 {[%emt 0:00:08]} 23. Qh4+ {[%emt 0:00:12]} f6 {[%emt 0:00:07]} 24. Qxd4 {[%emt 0:01:28]} Qxd4+ {[%emt 0:00:04]} 25. Rxd4 {[%emt 0:00:05]} Rc8 {[%emt 0:00:11]} 26. Rg4 {[%emt 0:04:06]} Kf7 {[%emt 0:00:25]} 27. Ra4 {[%emt 0:00:12]} Rc7 {[%emt 0:00:03]} 28. Kf2 {[%emt 0:00:48]} e5 {[%emt 0:00:57]} 29. Ra6 {[%emt 0:00:09]} Rd7 {[%emt 0:05:13]} 30. e4 {[%emt 0:10:25]} g5 {[%emt 0:08:42]} 31. Ke3 {[%emt 0:01:23]} Kg6 {[%emt 0:00:53]} 32. f4 {[%emt 0:06:43]} gxf4+ {[%emt 0:01:17]} 33. gxf4 {[%emt 0:00:07]} exf4+ {[%emt 0:00:40]} 34. Kxf4 {[%emt 0:00:05]} Re7 {[%emt 0:00:13]} 35. h4 {[%emt 0:03:50]} h5 {[%emt 0:04:44]} 36. a4 {[%emt 0:07:19]} Kg7 {[%emt 0:00:07]} 37. Ra5 {[%emt 0:02:23]} Kg6 {[%emt 0:00:06]} 38. Ra6 {[%emt 0:03:01]} Kg7 {[%emt 0:00:34]} 39. a5 {[%emt 0:01:46]} Kg6 {[%emt 0:02:50]} 40. Ke3 {[%emt 0:01:07]} Kf7 {[%emt 0:04:45]} 41. Kd4 {[%emt 0:01:37]} Kg6 {[%emt 0:14:02]} 42. Rd6 {[%emt 0:07:52]} Re5 {[%emt 0:01:32]} 43. Rd5 {[%emt 0:09:20]} Re6 {[%emt 0:00:09]} 44. e5 {[%emt 0:01:43]} fxe5+ {[%emt 0:02:52]} 45. Rxe5 {[%emt 0:00:06]} Rf6 {[%emt 0:01:40]} 46. Ke4 {[%emt 0:09:41]} Ra6 {[%emt 0:03:29]} 47. Rg5+ {[%emt 0:00:19]} Kh6 {[%emt 0:00:09]} 48. Rd5 {[%emt 0:00:52]} Rg6 {[%emt 0:03:11]} 49. Ke5 {[%emt 0:02:16]} Rg4 {[%emt 0:00:03]} 50. Rd4 {[%emt 0:00:21]} Kg6 {[%emt 0:00:04]} 51. Rd6+ {[%emt 0:02:09]} Kg7 {[%emt 0:01:37]} 52. Rd4 {[%emt 0:02:03]} Kg6 {[%emt 0:00:38]} 53. a6 {[%emt 0:04:58]} Rxd4 {[%emt 0:01:21]} 54. Kxd4 {[%emt 0:00:08]} Kf5 55. Kd5 {[%emt 0:00:10]} Kf4 56. Kd6 {[%emt 0:01:28]} Kf5 {[%emt 0:00:28]} 57. Kd7 {[%emt 0:00:49]} Ke5 {[%emt 0:00:39]} 58. Kc7 {[%emt 0:00:57]} Kd5 {[%emt 0:00:26]} 59. Kb7 {[%emt 0:00:26]} Kd6 {[%emt 0:00:03]} 60. Kxa7 {[%emt 0:00:09]} Kc7 {[%emt 0:00:02]} 1/2-1/2

[Event "Chinese League Div-A Final-KO 2023"]
[Site "Xiongan"]
[Date "2023.12.06"]
[Round "5.10"]
[White "Li, Xueyi"]
[Black "Zhang, Xiaowen"]
[Result "1/2-1/2"]
[WhiteElo "2245"]
[BlackElo "2261"]
[Annotator "RC"]
[PlyCount "57"]
[EventDate "2023.12.02"]
[EventCountry "CHN"]
[SourceTitle "playchess.com"]
[Source "ChessBase"]
[SourceQuality "1"]

1. d4 {[%emt 0:00:03]} d5 {[%emt 0:00:23]} 2. c4 {[%emt 0:00:09]} e6 {[%emt 0:00:07]} 3. Nf3 {[%emt 0:00:07]} Nf6 {[%emt 0:00:09]} 4. g3 {[%emt 0:00:13]} dxc4 {[%emt 0:01:21]} 5. Bg2 {[%emt 0:02:16]} Bd7 {[%emt 0:00:25]} 6. Ne5 {[%emt 0:02:06]} Bc6 {[%emt 0:00:08]} 7. Nxc6 {[%emt 0:00:12]} Nxc6 {[%emt 0:00:04]} 8. e3 {[%emt 0:00:34]} Qd7 {[%emt 0:00:15]} 9. O-O {[%emt 0:00:06]} Rd8 {[%emt 0:00:09]} 10. Qa4 {[%emt 0:01:46]} Nb4 {[%emt 0:00:28]} 11. Qxd7+ {[%emt 0:03:02]} Nxd7 {[%emt 0:00:05]} 12. Na3 {[%emt 0:02:56]} Nb6 {[%emt 0:03:42]} 13. b3 {[%emt 0:20:59]} cxb3 {[%emt 0:16:02]} 14. axb3 {[%emt 0:00:07]} c6 {[%emt 0:02:26]} 15. Nc4 {[%emt 0:02:44]} Nc8 {[%emt 0:07:20]} 16. Na5 {[%emt 0:01:03]} Rd7 {[%emt 0:02:15]} 17. Bb2 {[%emt 0:12:24]} Be7 {[%emt 0:02:03]} 18. e4 {[%emt 0:04:12]} Bf6 {[%emt 0:16:49]} 19. Bc3 {[%emt 0:14:35]} Nc2 {[%emt 0:06:16]} 20. e5 {[%emt 0:00:04]} Nxa1 {[%emt 0:14:16]} 21. exf6 {[%emt 0:00:05]} Nc2 {[%emt 0:00:09]} 22. fxg7 {[%emt 0:00:04]} Rg8 {[%emt 0:00:04]} 23. Nxb7 {[%emt 0:12:56]} Nxd4 {[%emt 0:09:08]} 24. Nc5 {[%emt 0:03:56]} Rd8 {[%emt 0:05:48]} 25. Re1 {[%emt 0:04:12]} Ne7 {[%emt 0:03:26]} 26. Nb7 {[%emt 0:05:30]} Rd7 {[%emt 0:00:41]} 27. Nc5 {[%emt 0:00:06]} Rd8 {[%emt 0:00:19]} 28. Nb7 {[%emt 0:00:05]} Rd7 {[%emt 0:00:29]} 29. Nc5 {[%emt 0:00:05]} 1/2-1/2

[Event "Chinese League Div-A Final-KO 2023"]
[Site "Xiongan"]
[Date "2023.12.07"]
[Round "6.1"]
[White "Wen, Yang"]
[Black "Liu, Yan"]
[Result "1/2-1/2"]
[WhiteElo "2574"]
[BlackElo "2579"]
[Annotator "TA"]
[PlyCount "61"]
[EventDate "2023.12.02"]
[EventCountry "CHN"]
[SourceTitle "playchess.com"]
[Source "ChessBase"]
[SourceQuality "1"]

{[%evp 16,61,43,38,34,35,39,28,28,16,31,31,32,31,36,42,31,32,26,24,25,24,27,22,18,29,40,29,35,8,17,23,24,0,0,0,0,0,0,0,0,0,0,0,0,0,0,0]} 1. e4 {[%emt 0:00:03]} e5 {[%emt 0:00:11]} 2. Nf3 {[%emt 0:00:08]} Nf6 {[%emt 0:00:11][%cal Bg8f6,Bf6e4,Be4d2][%mdl 32]} 3. Nxe5 {[%emt 0:00:19]} d6 {[%emt 0:00:08]} 4. Nf3 {[%emt 0:00:07]} Nxe4 {[%emt 0:00:11]} 5. d4 {[%emt 0:00:08]} d5 {[%emt 0:00:21]} 6. Bd3 {[%emt 0:00:08]} Bf5 {[%emt 0:00:37]} 7. O-O {[%emt 0:00:10]} Be7 {[%emt 0:00:08]} 8. Re1 {[%emt 0:00:25]} Nc6 {[%emt 0:00:42]} 9. Nbd2 $1 {[%emt 0:01:24][%mdl 4] now scores much better than the old 9.c4.} Nxd2 $1 {[%emt 0:00:12] C42: Petroff Defence: 3 Nxe5 and unusual White 3rd moves.} 10. Qxd2 {[%emt 0:00:06]} ({Much weaker is} 10. Bxf5 Nxf3+ 11. gxf3 (11. Qxf3 Nxd4 12. Qh5 Nxf5 $17) 11... O-O $11) 10... Bg6 {[%emt 0:00:07]} 11. Qe2 {[%emt 0:00:27]} O-O {[%emt 0:00:41] White has an edge.} 12. Bf4 {[%emt 0:00:07]} Bd6 {[%emt 0:03:47] [#]} 13. Bxg6 $146 {[%emt 0:00:10]} ({Predecessor:} 13. Bxd6 Qxd6 14. Bxg6 hxg6 15. c3 Qd7 16. Qc2 Rae8 17. h3 Rxe1+ 18. Rxe1 b6 19. Qe2 f6 20. h4 {½-½ Yeo,G (2477)-Velilla Velasco,F (2521) WLS Inv9 email 2021}) 13... Bxf4 {[%emt 0:12:12]} 14. Bf5 {[%emt 0:00:13]} Qf6 {[%emt 0:13:01]} 15. Qd3 {[%emt 0:01:14]} g6 {[%emt 0:00:25]} 16. Bh3 {[%emt 0:01:02]} Rae8 {[%emt 0:12:20]} 17. c3 {[%emt 0:07:18]} a6 {[%emt 0:06:28]} 18. g3 {[%emt 0:04:40]} Bh6 {[%emt 0:00:35]} 19. Re2 {[%emt 0:01:35]} Rxe2 {[%emt 0:04:03]} 20. Qxe2 {[%emt 0:00:25]} Rd8 {[%emt 0:14:29]} 21. Re1 {[%emt 0:02:09]} Bf8 {[%emt 0:00:20]} 22. Bg2 {[%emt 0:18:12]} Rd7 {[%emt 0:01:37]} 23. Qd1 {[%emt 0:03:34]} Qd8 {[%emt 0:00:42]} 24. Ne5 {[%emt 0:14:00]} Nxe5 {[%emt 0:00:15] The position is equal.} 25. Rxe5 {[%emt 0:00:03]} c6 {[%emt 0:00:18]} 26. Qe2 {[%emt 0:00:08]} Re7 {[%emt 0:00:12]} 27. Rxe7 {[%emt 0:00:05]} Bxe7 {[%emt 0:00:12]} 28. Qe5 {[%emt 0:00:35]} Bd6 {[%emt 0:00:11]} 29. Qe2 {[%emt 0:00:05]} Bf8 {[%emt 0:00:08]} 30. Bf1 {[%emt 0:00:28]} Qd7 {[%emt 0:00:09]} 31. Kg2 {[%emt 0:00:18] Weighted Error Value: White=0.04 (flawless) /Black=0.02 (flawless)} 1/2-1/2

[Event "Chinese League Div-A Final-KO 2023"]
[Site "Xiongan"]
[Date "2023.12.07"]
[Round "6.2"]
[White "Bu, Xiangzhi"]
[Black "Bai, Jinshi"]
[Result "1/2-1/2"]
[WhiteElo "2677"]
[BlackElo "2585"]
[Annotator "TA"]
[PlyCount "75"]
[EventDate "2023.12.02"]
[EventCountry "CHN"]
[SourceTitle "playchess.com"]
[Source "ChessBase"]
[SourceQuality "1"]

{[%evp 11,75,29,53,10,8,12,7,5,15,9,33,14,34,11,21,9,21,0,0,1,0,-19,0,-18,39,31,42,49,118,135,127,113,139,131,139,117,145,150,152,154,199,206,259,162,247,244,287,158,153,150,183,153,137,135,177,153,458,451,450,450,352,-52,-52,-52,-52,-71]} 1. d4 {[%emt 0:00:08]} d5 {[%emt 0:00:11]} 2. c4 {[%emt 0:00:12]} e6 {[%emt 0:00:14]} 3. Nf3 {[%emt 0:00:37]} Nf6 {[%emt 0:00:10]} 4. Nc3 {[%emt 0:00:38]} c5 {[%emt 0:00:24]} 5. cxd5 {[%emt 0:00:44]} exd5 {[%emt 0:00:19]} 6. Bg5 {[%emt 0:00:15]} Be6 {[%emt 0:00:12]} 7. a3 {[%emt 0:00:26] D32: Tarrasch Defence: Sidelines and lines without g3.} Nc6 {[%emt 0:00:25]} 8. e3 {[%emt 0:00:16]} c4 {[%emt 0:00:10]} 9. Bxf6 {[%emt 0:00:19] The position is equal.} Qxf6 {[%emt 0:00:06]} 10. g3 {[%emt 0:00:06] [#]} Bd6 $146 {[%emt 0:00:17]} ({Predecessor:} 10... Qd8 11. Bg2 Be7 12. Ng1 O-O 13. Nge2 Bg5 14. O-O Re8 15. b3 Na5 16. bxc4 Nxc4 {0-1 Martirosyan,H (2632)-Nihal,S (2620) Junior Speed Final blitz 2021 (3.12)}) 11. Bg2 {[%emt 0:01:24] With the idea Nd2.} O-O {[%emt 0:00:16]} 12. O-O {[%emt 0:01:43] [#] And now e4 would win.} Rfd8 {[%emt 0:12:46]} 13. b3 {[%emt 0:16:29]} Na5 {[%emt 0:19:16]} 14. Nd2 {[%emt 0:01:40] A dynamic duo of knights.} Bf8 {[%emt 0:16:42]} 15. bxc4 {[%emt 0:27:48]} dxc4 {[%emt 0:00:06]} 16. Qa4 {[%emt 0:00:24]} Nb3 {[%emt 0:01:12]} 17. Rad1 {[%emt 0:02:08]} Bg4 {[%emt 0:04:54]} ({Black should play} 17... Rac8 $11) 18. Nxc4 $14 {[%emt 0:14:27]} Bxd1 {[%emt 0:00:26]} 19. Rxd1 {[%emt 0:03:23]} (19. Nxd1 {keeps more tension.} b5 20. Qxb5 Rab8 21. Qa4) 19... Nxd4 {[%emt 0:04:23]} 20. exd4 $16 {[%emt 0:00:22]} (20. Rxd4 $6 Rxd4 21. exd4 Qxd4 $11) 20... Rxd4 {[%emt 0:00:04]} 21. Bxb7 {[%emt 0:03:39]} ({Don't take} 21. Rxd4 $6 Qxd4 22. Ne2 (22. Bxb7 Rb8 $11) 22... Qd3 $11) 21... Rad8 {[%emt 0:10:21]} 22. Nd5 {[%emt 0:01:04] Repels Qe7} Rxd1+ {[%emt 0:00:48]} 23. Qxd1 {[%emt 0:00:03]} Qe6 {[%emt 0:00:04]} 24. Qf3 {[%emt 0:00:35]} Bc5 {[%emt 0:14:26]} 25. Kg2 {[%emt 0:00:59]} g6 {[%emt 0:01:48]} 26. a4 {[%emt 0:06:25][%cal Ba3a4,Ba4a5][%mdl 32]} Rb8 {[%emt 0:03:36]} 27. Nde3 {[%emt 0:01:41] Black must now prevent Bd5.} Qe7 {[%emt 0:00:28]} (27... Kg7 {might work better.} 28. a5 Qf6) 28. Bd5 $18 {[%emt 0:00:55]} h5 {[%emt 0:02:52] [#]} 29. h4 {[%emt 0:11:02]} (29. Na5 $1 $18 {[%cal Ra5c6] aiming for Nc6.} Re8 30. Nc6) 29... Kg7 $16 {[%emt 0:00:16]} 30. a5 {[%emt 0:01:05]} a6 {[%emt 0:00:38]} 31. Qf4 {[%emt 0:03:20]} Rb5 {[%emt 0:00:59]} 32. Bc6 {[%emt 0:00:42]} Bxe3 {[%emt 0:03:23]} 33. Nxe3 {[%emt 0:00:31]} ({Not} 33. Qxe3 Qxe3 34. Nxe3 Rxa5 $11) 33... Rxa5 {[%emt 0:00:20]} (33... Rb4 $16 34. Qf3 Qe5) 34. Nd5 $18 {[%emt 0:00:05]} Qe6 {[%emt 0:03:14]} 35. Qd4+ {[%emt 0:00:04]} f6 {[%emt 0:00:03]} 36. Qb6 {[%emt 0:01:07]} ({Better is} 36. Ba8 $18) 36... Qe4+ $1 $15 {[%emt 0:00:46][%mdl 1024] Black has compensation.} (36... Rxd5 $2 37. Qb7+ (37. Qxa6 $2 {loses.} Rd6 $19) 37... Qf7 38. Bxd5 $18) 37. Kh2 {[%emt 0:00:31] Qc7+ would kill now.} Ra1 $1 {[%emt 0:00:37][%csl Ge4][%cal Ra1h1]} 38. Qa7+ {[%emt 0:01:02] Weighted Error Value: White=0.32/Black=0.32} 1/2-1/2

[Event "Chinese League Div-A Final-KO 2023"]
[Site "Xiongan"]
[Date "2023.12.07"]
[Round "6.3"]
[White "Ma, Qun"]
[Black "Zeng, Chongsheng"]
[Result "1-0"]
[WhiteElo "2653"]
[BlackElo "2577"]
[Annotator "TA"]
[PlyCount "75"]
[EventDate "2023.12.02"]
[EventCountry "CHN"]
[SourceTitle "playchess.com"]
[Source "ChessBase"]
[SourceQuality "1"]

{[%evp 13,75,24,12,16,11,12,22,18,19,18,30,20,41,12,17,0,16,0,25,4,23,31,43,26,35,7,25,14,6,0,0,0,0,0,109,74,168,168,158,175,166,169,173,180,352,344,304,183,316,226,467,456,452,467,414,411,29977,29977,29984,1977,1977,1977,1305,1300]} 1. d4 {[%emt 0:00:10]} d5 {[%emt 0:00:07]} 2. c4 {[%emt 0:00:12]} c6 {[%emt 0:00:06]} 3. cxd5 {[%emt 0:00:51]} cxd5 {[%emt 0:00:07]} 4. Nc3 {[%emt 0:00:03]} Nf6 {[%emt 0:00:06]} 5. Bf4 {[%emt 0:00:09]} Nc6 {[%emt 0:00:08]} 6. e3 {[%emt 0:00:05]} Bf5 {[%emt 0:00:26]} 7. Qb3 {[%emt 0:00:22]} Na5 {[%emt 0:00:30]} 8. Qa4+ {[%emt 0:00:10] D10: Slav Defence: 3 cxd5 (without early Nf3) and 3 Nc3.} Bd7 {[%emt 0:00:04]} 9. Qc2 {[%emt 0:00:05] Threatening Nb5.} e6 {[%emt 0:00:24]} 10. Bd3 {[%emt 0:00:04] The position is equal.} Nh5 {[%emt 0:00:35]} 11. Be5 {[%emt 0:00:07][%cal Og1f3]} (11. Bxh7 Nxf4 12. exf4 Qf6 $15) 11... f6 {[%emt 0:00:18]} 12. Bg3 {[%emt 0:06:00]} Qb6 {[%emt 0:01:45]} 13. Nf3 {[%emt 0:02:01]} (13. Be2 $5 {[%cal Re2h5]} Nxg3 14. hxg3 $11) 13... Rc8 {[%emt 0:13:19] [#]} 14. O-O $146 {[%emt 0:15:19]} ({But not} 14. Bxh7 Rxh7 15. Qxh7 Nxg3 16. hxg3 Qxb2 $17) ({Predecessor:} 14. Rb1 Bb4 15. Bxh7 Nc4 16. O-O Nxg3 17. hxg3 f5 18. Bg6+ Kf8 19. a3 Bxc3 20. bxc3 Qc7 21. Qb3 {0-1 Marculescu,G (1844)-Babic,S (1939) LSS SB-2009-0-00064}) 14... Nxg3 {[%emt 0:02:20]} 15. hxg3 {[%emt 0:00:04]} Nc4 {[%emt 0:05:41][%cal Ba5c4,Bc4d6,Bd6f5][%mdl 32]} 16. Rab1 {[%emt 0:11:50]} Bb4 {[%emt 0:19:10][%cal Oc4b2]} 17. e4 {[%emt 0:06:23]} dxe4 {[%emt 0:11:02]} 18. Bxe4 {[%emt 0:00:21]} Nd6 {[%emt 0:02:20]} 19. Bxh7 {[%emt 0:06:52]} Qa5 {[%emt 0:00:27][%cal Rb4c3]} 20. Rbc1 {[%emt 0:18:02]} Kd8 {[%emt 0:02:46]} (20... Bxc3 {simplifies} 21. bxc3 Kd8 22. g4 Bc6) 21. Qg6 {[%emt 0:15:51] Prevents Qh5} Nf5 {[%emt 0:02:12][%cal Rb4c3]} 22. Qf7 $1 {[%emt 0:01:57][%cal Od4d5] d5! would be deadly.} Rf8 {[%emt 0:18:06]} (22... Rxh7 $2 23. Qg8+ Kc7 24. Qxh7 $18) (22... Be8 $2 23. Qxe6 Ne7 24. Be4 $18 (24. d5 Bd7 $16)) 23. Qh5 {[%emt 0:00:05]} Bxc3 {[%emt 0:03:03]} (23... Rh8 $11) 24. bxc3 {[%emt 0:05:40] Hoping for g4.} Rxc3 {[%emt 0:09:05]} (24... Rh8 $16) 25. Rxc3 $18 {[%emt 0:00:54]} Qxc3 {[%emt 0:00:01]} 26. Bxf5 {[%emt 0:00:02]} exf5 {[%emt 0:00:08] [#]} 27. Qg6 $1 {[%emt 0:00:08]} Re8 {[%emt 0:05:57]} 28. Qxg7 {[%emt 0:00:40]} Re6 $2 {[%emt 0:00:36] [#]} (28... Qc6 29. Qh6 Re6) 29. d5 $1 {[%emt 0:06:43]} Re2 {[%emt 0:00:01]} 30. d6 {[%emt 0:02:07] aiming for Qf8+.} b6 {[%emt 0:01:16]} (30... Kc8 {was worth a try.} 31. Qh6 Kb8 32. Qf8+ (32. Rc1 Qb2 $18) 32... Re8) 31. Qh6 {[%emt 0:00:03] Strongly threatening Rc1.} Kc8 $2 {[%emt 0:01:01]} (31... Qc5 {is a better defense.} 32. Qh8+ (32. Qxf6+ Kc8 $18) 32... Re8 33. Qxf6+ Kc8) 32. Rc1 {[%emt 0:00:59]} Rc2 33. Rxc2 {[%emt 0:00:38][%mdl 64] Deflection} Qxc2 {[%emt 0:00:01]} 34. Qxf6 {[%emt 0:00:02]} Qxa2 {[%emt 0:00:16]} (34... Qd1+ $18 35. Kh2 Qd5) 35. Qc3+ {[%emt 0:00:20]} Kd8 {[%emt 0:00:50]} 36. Qc7+ {[%emt 0:01:19]} (36. Ng5 $142 Bc6 37. Qg7 Qa1+ 38. Qxa1 Kd7 39. Qf6 Kc8 40. Qe7 Bd7 41. Ne6) 36... Ke8 37. Qb8+ {[%emt 0:00:01]} Kf7 {[%emt 0:00:13]} 38. Ne5+ {Weighted Error Value: White=0.17 (very precise) /Black=0.54} 1-0